Loading...
| Literature - World | 2 | 7 | 0 | 2 | 100 | 22 | 92.67 | 3 | 4 | 0.00 | 0.00 |
| History - American | 4 | 4 | 0 | 1 | 100 | 48 | 79.50 | 2 | 4 | 0.00 | 0.00 |
| History - European | 1 | 8 | 0 | 1 | 95 | 36 | 104.78 | 1 | 5 | 0.00 | 0.00 |
| Fine Arts - Other Arts | 2 | 6 | 0 | 0 | 90 | 62 | 105.00 | 0 | 3 | 0.00 | 0.00 |
| Literature - British | 4 | 3 | 3 | 2 | 75 | 27 | 83.71 | 4 | 4 | 0.00 | 0.00 |
| Literature - European | 3 | 3 | 1 | 0 | 70 | 67 | 108.17 | 0 | 1 | 0.00 | 0.00 |
| Fine Arts - Classical Music and Opera | 1 | 6 | 2 | 2 | 65 | 38 | 107.57 | 0 | 3 | 0.00 | 0.00 |
| Beliefs | 3 | 2 | 1 | 0 | 60 | 34 | 77.20 | 3 | 3 | 0.00 | 0.00 |
| Philosophy | 1 | 4 | 1 | 1 | 50 | 76 | 107.60 | 0 | 2 | 0.00 | 0.00 |
| Literature - American | 0 | 6 | 2 | 2 | 50 | 79 | 116.67 | 0 | 3 | 0.00 | 0.00 |
| Visual Arts | 1 | 4 | 2 | 2 | 45 | 13 | 105.80 | 1 | 2 | 0.00 | 0.00 |
| Social Science | 0 | 5 | 1 | 0 | 45 | 80 | 90.40 | 1 | 4 | 0.00 | 0.00 |
| Other Academic | 3 | 0 | 1 | 0 | 40 | 52 | 66.00 | 2 | 2 | 0.00 | 0.00 |
| History - Ancient | 1 | 2 | 0 | 0 | 35 | 49 | 87.67 | 1 | 2 | 0.00 | 0.00 |
| History - Other | 1 | 1 | 0 | 0 | 25 | 78 | 83.50 | 0 | 1 | 0.00 | 0.00 |
| Science - Physics | 0 | 2 | 0 | 1 | 20 | 76 | 109.00 | 0 | 1 | 0.00 | 0.00 |
| History - World | 0 | 3 | 3 | 1 | 15 | 75 | 93.00 | 1 | 1 | 0.00 | 0.00 |
| Science - Biology | 0 | 1 | 0 | 1 | 10 | 127 | 127.00 | 0 | 0 | 0.00 | 0.00 |
| Science - Other | 0 | 0 | 1 | 0 | -5 | 0.00 | 0 | 0 | 0.00 | 0.00 | |
| Geography | 0 | 0 | 1 | 0 | -5 | 0.00 | 0 | 0 | 0.00 | 0.00 |